[Event "GER-ch 88th"]
[Site "Apolda"]
[Date "2017.07.01"]
[Round "9"]
[White "Meister, Jakob [RUS]"]
[Black "Keymer, Vincent"]
[Result "1/2-1/2"]
[WhiteElo "2433"]
[BlackElo "2411"]
[EventDate "2017.06.23"]
[PlyCount "126"]

1. c4 c6 2. e4 d5 3. exd5 cxd5 4. d4 Nf6 5. Nc3 Nc6 6. Bg5 e6 7. Nf3 Be7 8. Bd3 dxc4 9. Bxc4 O-O 10. O-O a6 11. a4 Qa5 12. Qd2 Rd8 13. Rfd1 b6 14. Bf4 Bb7 15. Qe2 Qf5 16. Bc7 Rdc8 17. Bxb6 Nb4 18. Bd3 Qh5 19. Ne5 Qg5 20. Ne4 Nxe4 21. Bxe4 Rc2 22. Qf3 Bxe4 23. Qxe4 Rac8 24. Bc5 h6 25. Bxb4 Bxb4 26. Nd3 Bd6 27. b4 Qh5 28. h3 R8c4 29. Rab1 Bc7 30. b5 axb5 31. axb5 Bb6 32. Ne5 Rc7 33. Ra1 f6 34. Nc6 Re2 35. Qd3 Rb2 36. Rdb1 Qe2 37. Qxe2 Rxe2 38. Re1 Rb2 39. Rab1 Rxb1 40. Rxb1 Rd7 41. Kf1 Kf7 42. Ke2 h5 43. f4 h4 44. Kd3 Kg6 45. Ke4 Kf7 46. Rb4 Rd5 47. Kd3 Rf5 48. Kc4 Rxf4 49. Ra4 e5 50. Ra6 Bxd4 51. Nxd4 Rxd4+ 52. Kc5 Rd2 53. Ra7+ Ke6 54. Rxg7 Rc2+ 55. Kb4 e4 56. Rg8 f5 57. b6 Kd7 58. Kb3 Rc5 59. Rg7+ Kc6 60. b7 Rb5+ 61. Kc4 Rxb7 62. Rg6+ Kd7 63. Rf6 Rb2 1/2-1/2

[Event "GER-ch 88th"]
[Site "Apolda"]
[Date "2017.07.01"]
[Round "9"]
[White "Neyman, Igor"]
[Black "Jahncke, Giso"]
[Result "1/2-1/2"]
[WhiteElo "2308"]
[BlackElo "2340"]
[EventDate "2017.06.23"]
[PlyCount "100"]

1. d4 Nf6 2. c4 g6 3. Nc3 Bg7 4. e4 d6 5. h3 O-O 6. Be3 c5 7. Nf3 cxd4 8. Nxd4 b6 9. g3 Bb7 10. Bg2 Nbd7 11. O-O Nc5 12. Qc2 Nfd7 13. b3 Rc8 14. Rac1 Re8 15. Rfd1 Qc7 16. Qb1 Qb8 17. Nde2 Qa8 18. Nd5 e6 19. Ndc3 Nf6 20. Bxc5 dxc5 21. Qc2 Red8 22. Rb1 Nd7 23. Nb5 Bc6 24. a4 a6 25. Nbc3 g5 26. Rd2 Ne5 27. Rbd1 h6 28. Rxd8+ Rxd8 29. Rd2 Bb7 30. Qd1 Rxd2 31. Qxd2 Nc6 32. Qd3 Nd4 33. Nxd4 Qd8 34. Nd1 Bxd4 35. Kf1 Qa8 36. Ne3 Kg7 37. Nc2 Be5 38. Ne3 Bc6 39. Ng4 Bd4 40. Ne3 Qb7 41. Nc2 Be5 42. Ne3 b5 43. axb5 axb5 44. cxb5 Bxb5 45. Nc4 Bd4 46. Bf3 Qa6 47. Bd1 Bc6 48. Bc2 e5 49. Nd6 Qa1+ 50. Kg2 Bd7 1/2-1/2

[Event "GER-ch 88th"]
[Site "Apolda"]
[Date "2017.07.01"]
[Round "9"]
[White "Schmitt, Philipp"]
[Black "Prenzler, Daniel"]
[Result "1-0"]
[WhiteElo "2174"]
[BlackElo "2210"]
[EventDate "2017.06.23"]
[PlyCount "49"]

1. e4 e6 2. d4 d5 3. Nc3 Nf6 4. e5 Nfd7 5. f4 c5 6. Nf3 Nc6 7. Be3 Qb6 8. Na4 Qa5+ 9. c3 cxd4 10. b4 Nxb4 11. cxb4 Bxb4+ 12. Bd2 Bxd2+ 13. Nxd2 O-O 14. Bd3 b5 15. Nb2 Nb6 16. Qh5 g6 17. Qe2 Nc4 18. Nd1 f5 19. Rf1 Bd7 20. Rf2 Rfc8 21. Kf1 b4 22. g4 fxg4 23. Nb3 Qb6 24. Qxg4 Rf8 25. Bxg6 1-0

[Event "GER-ch 88th"]
[Site "Apolda"]
[Date "2017.07.01"]
[Round "9"]
[White "Tonndorf, Matthias"]
[Black "Tischbierek, Raj"]
[Result "0-1"]
[WhiteElo "2256"]
[BlackElo "2452"]
[EventDate "2017.06.23"]
[PlyCount "58"]

1. e4 c5 2. Nf3 d6 3. d4 cxd4 4. Nxd4 Nf6 5. Nc3 Nc6 6. Bg5 e6 7. Qd2 a6 8. O-O-O Bd7 9. f4 Be7 10. Nf3 b5 11. e5 b4 12. exf6 bxc3 13. Qxc3 gxf6 14. Bh6 d5 15. a3 Rg8 16. f5 Qa5 17. Qd3 e5 18. Qxd5 Qxd5 19. Rxd5 Bxf5 20. Nd2 Nd4 21. c3 Be6 22. Ra5 Nf5 23. Bxa6 Kd8 24. Bf4 exf4 25. Rf1 Rxg2 26. Rxf5 Bxf5 27. Bb7 Rxd2 28. Bxa8 Rc2+ 29. Kd1 Bd6 0-1